Neuro-evolúcia

Enregistré dans:
Détails bibliographiques
Auteur principal: Horný, Lukáš (Auteur)
Autres auteurs: Sekaj, Ivan (Directeur de thèse)
Format: Manuscrit Livre
Langue:slovaque
Publié: Bratislava : STU v Bratislave FEI, 2021
Sujets:
Accès en ligne:https://opac.crzp.sk/?fn=detailBiblioForm&sid=CF9E62B1F4156FE3B92A0384D7C8&seo=CRZP-detail-kniha
Tags: Ajouter un tag
Pas de tags, Soyez le premier à ajouter un tag!

MARC

LEADER 00000ntm a22000003a 4500
001 stuzp82596
003 SK-STU
005 20211108131112.6
007 ta
008 150427s2015----xo-----f-mn---000-0-slo-d
040 |a STU  |b slo 
041 0 |a slo 
044 |a xo 
100 1 |a Horný, Lukáš  |u 031000  |4 aut  |U FEI Fakulta elektrotechniky a informatiky  |T FEI Ústav robotiky a kybernetiky  |X 93210  |U E011  |Y 356  |7 93210 
242 0 1 |a Neuroevolution  |y eng 
245 1 0 |a Neuro-evolúcia 
260 |a Bratislava :  |b STU v Bratislave FEI,  |c 2021 
300 |a 70 s. 
650 4 |a umelá neurónová sieť  |2 slo 
650 4 |a rekurentná neurónová sieť  |2 slo 
650 4 |a dopredná neurónová sieť  |2 slo 
650 4 |a evolučné algoritmy  |2 slo 
650 4 |a genetický algoritmus  |2 slo 
650 4 |a neuroevolúcia  |2 slo 
650 4 |a logická funkcia  |2 slo 
650 4 |a neuroregulátor  |2 slo 
650 4 |a artificial neural network  |2 eng 
650 4 |a feed forward neural network  |2 eng 
650 4 |a recurrent neural network  |2 eng 
650 4 |a evolutionary algorithm  |2 eng 
650 4 |a genetic algorithm  |2 eng 
650 4 |a neuroevolution  |2 eng 
650 4 |a logical function  |2 eng 
650 4 |a neurocontroller  |2 eng 
700 1 |a Sekaj, Ivan  |u 031000  |k Z1  |4 ths  |U FEI Fakulta elektrotechniky a informatiky  |T FEI Ústav robotiky a kybernetiky  |X 4946  |U E011  |Y 356  |7 A000004946 
856 4 |u https://opac.crzp.sk/?fn=detailBiblioForm&sid=CF9E62B1F4156FE3B92A0384D7C8&seo=CRZP-detail-kniha